| 000 | 00454nam a2200169 a 4500 | ||
|---|---|---|---|
| 005 | 20140412111319.0 | ||
| 008 | 000831s19uu xx 00 eng d | ||
| 020 | _a0-19-272356-1 | ||
| 050 |
_aBB _bA51 1983 |
||
| 100 | _aWildsmith, Brian | ||
| 245 |
_aAll fall down / _cBrian Wildsmith. |
||
| 260 |
_aNew York : _bOxford University Press, _c1983. |
||
| 300 | _a1 v. (unp.) ; ill. | ||
| 440 | _aOxford | ||
| 650 | _aChildren stories | ||
| 999 |
_c104334 _d104334 |
||